000 00917nac a22003017a 4500
001 BR8103919
003 BR-BrBNA
005 20240105115018.0
008 230509b bl.|||m| |||| 00| 0 por d
040 _aBR-BrBNA
_bpor
_cBiblioteca Nacional de Agricultura
072 _aE70; L00
090 _a5300 BR8103919
100 1 _aMachado, J.S.
110 1 _aComissao Estadual de Planejamento Agricola, Florianopolis, SC (Brasil)
_92047
245 1 _aSuinos; estrutura de mercado e tendencias da producao [Brasil]
260 3 _aFlorianopolis, SC (Brasil):
_c1981.
300 _a29 p.
490 _aCadernos de Economia Agricola (Brazil)
_vno. 7
_x
650 _aProducao animal
650 _aCarne
650 _aSuino
650 _aComercializacao
650 _aMercado
650 _aAbastecimento
650 _aSanta Catarina
909 _a202312
_bLúcia Elande
_c55
_dLúcia Elande
942 _2AGRIS
_n0
_cMS
999 _c272553
_d272553